Представление документа в формате RUSMARC

ПолеНазваниеЗначение
  Тип записи a
  Библиографический уровень m
001 Контрольный номер 3889c5cad4194721afa7fece853e7528
005 Дата корректировки 20230110143101.2
010 Индекс ISBN __
d Цена 1871-91
100 Данные общей обработки __
a Данные общей обработки 20220601d2020 d y0rusy028902 ca
101 Язык документа 0_
a Язык текста rus
102 Страна публикации __
a Страна публикации RU
105 Кодированные данные (монография) __
a Кодированные данные (монография) y z 000ay
181 Поле кодированных данных: вид содержания _0
a Код вида содержания (ISBD) i
182 Поле кодированных данных: тип средства _0
a Код типа средства (ISBD) n
200 Заглавие и сведения об ответственности 1_
a Заглавие Кн. 2
203 Вид содержания и тип средства __
a Вид содержания Текст
c Тип средства непосредственный
210 Выходные данные 1_
d Дата издания 2020
215 Физическое описание __
a Объем 156 с.
333 Примечание о целевом назначении __
a Примечание о целевом назначении 12+. Для детей старше 12 лет
461 Уровень набора _0
1 700 1
a Вильмонт
b Е. Н.
g Екатерина Николаевна
f 1946-2021
1 2001
a Отчаянная девчонка
e [повесть : в 2 книгах]
f Екатерина Вильмонт
v Кн. 2
1 2101
a Москва
c Чинар
d 2020
1 0012b3b14abee064ea8be45742a7bcb7b8f
1 203
a Текст
c непосредственный
1 2252
a Круг чтения
e издание для слабовидящих
606 Тематические рубрики __
2 Код системы nlr_sh
a Основная рубрика Художественная литература
606 Тематические рубрики __
2 Код системы nlr_sh
a Основная рубрика Современная русская литература (произведения)
610 Ключевые слова 0_
a Ключевые слова детективные повести
610 Ключевые слова 0_
a Ключевые слова детективы
610 Ключевые слова 0_
a Ключевые слова детективы для детей
610 Ключевые слова 0_
a Ключевые слова детская литература
610 Ключевые слова 0_
a Ключевые слова повести
610 Ключевые слова 0_
a Ключевые слова подростковая литература
610 Ключевые слова 0_
a Ключевые слова тема подростков
610 Ключевые слова 0_
a Ключевые слова тема преступлений
610 Ключевые слова 0_
a Ключевые слова тема приключений
610 Ключевые слова 0_
a Ключевые слова тема расследований
610 Ключевые слова 0_
a Ключевые слова чтение для слабовидящих
610 Ключевые слова 0_
a Ключевые слова книги для незрячих
686 Индексы других классификаций __
2 Код системы rubbks
a Классификационный индекс ст84(2=411.2)6-4
801 Источник записи _0
a Страна RU
b Организация Муниципальное бюджетное учреждение культуры "Централизованная библиотечная система" г. Сургут (Центральная городская библиотека им. А. С. Пушкина)
c Дата составления 20220601
g Правила каталогизации PSBO
801 Источник записи _1
a Страна RU
b Организация Муниципальное бюджетное учреждение культуры "Централизованная библиотечная система" г. Сургут (Центральная городская библиотека им. А. С. Пушкина)
c Дата составления 20220601
g Правила каталогизации PSBO
852 Данные о местонахождении __
i Авторский знак В 46
j Шифр хранения ст84(2=411.2)6-4
900 Макрообъекты __
a Макрообъекты Отчаянная девочка. Кн. 2. Вильмонт, Е., 2020
901 Тип документа __
t Тип документа n
w Контрольный № источника 2b3b14abee064ea8be45742a7bcb7b8f
a Ответственный ООФиК/Волкова
903 Характеристики (МАРС) __
c Наименование библиотеки (МАРС) Муниципальное бюджетное учреждение культуры "Централизованная библиотечная система" г. Сургут (Центральная городская библиотека им. А. С. Пушкина)
a Дата передачи 20220601
969 Тип издания __
a Тип издания спецформат
a Тип издания издание для слепых
a Тип издания крупношрифтовое издание
a Тип издания издание для детей
990 Данные о заказе (DOS) __
j Количество экземпляров (DOS) 1
t N записи в КСУ для И/У (DOS) 202206